000
00222nam a22001097a 4500
999
_c
13620
_d
13620
082
_a
297
100
_a
Adeel Zeerak
245
_a
Women, Feminism, and Islam
300
_a
180 Pages
650
_a
Women, islam,
942
_c
BK